La lira mexicana (Record no. 157791)
[ view plain ]
| 000 -LEADER | |
|---|---|
| campo de control de longitud fija | 00777nam a22001935i 4500 |
| 001 - NÚMERO DE CONTROL | |
| campo de control | 157791 |
| 003 - IDENTIFICADOR DE NÚMERO DE CONTROL | |
| campo de control | ES-MaACL |
| 005 - FECHA Y HORA DE LA ÚLTIMA TRANSACCIÓN | |
| campo de control | 20250916194303.0 |
| 008 - DATOS DE LONGITUD FIJA--INFORMACIÓN GENERAL | |
| campo de control de longitud fija | 010405s1879 sp |||| | spa d |
| 040 ## - FUENTE DE CATALOGACIÓN | |
| Centro catalogador/agencia de origen | CAM |
| Lengua de catalogación | spa |
| Centro/agencia transcriptor | CAM |
| 245 03 - MENCIÓN DEL TÍTULO | |
| Título | La lira mexicana |
| Resto del título | : colección de poesías de autores contemporáneos / |
| Mención de responsabilidad, etc. | formada por Juan de Dios Peza ; con prólogo de Antonio Balbin de Unquera y apreciaciones de Castelar... [et al.]. |
| 260 ## - PUBLICACIÓN, DISTRIBUCIÓN, ETC. | |
| Lugar de publicación, distribución, etc. | Madrid : |
| Nombre del editor, distribuidor, etc. | [s.n.], |
| Fecha de publicación, distribución, etc. | 1879 ( |
| Fabricante | R. Velasco, impresor) |
| 300 ## - DESCRIPCIÓN FÍSICA | |
| Extensión | XXXI, 456 p. ; |
| Dimensiones | 19 cm. |
| 650 #7 - PUNTO DE ACCESO ADICIONAL DE MATERIA--TÉRMINO DE MATERIA | |
| Término de materia o nombre geográfico como elemento de entrada | Poesía mexicana- |
| Subdivisión cronológica | S. XIX |
| Fuente del encabezamiento o término | |
| 9 (RLIN) | 146731 |
| 700 0# - ENTRADA AGREGADA--NOMBRE PERSONAL | |
| Nombre de persona | Peza, Juan de Dios. |
| 9 (RLIN) | 91609 |
| 700 1# - ENTRADA AGREGADA--NOMBRE PERSONAL | |
| Nombre de persona | Balbín de Unquera, Antonio, |
| Fechas asociadas al nombre | 1842-1919 |
| 9 (RLIN) | 24846 |
| 852 ## - LOCALIZACIÓN | |
| Ubicación | ES-MaACL |
| Número de control de estantería | D-1741 |
| Nota libre | -- Enc. hol. |
| Estatus retirado | Estado de pérdida | Estado de daño | No para préstamo | Colección | Biblioteca de origen | Biblioteca actual | Ubicación en estantería | Fecha de adquisición | Fuente de adquisición | Total de préstamos | Signatura topográfica completa | Código de barras | Visto por última vez | Precio de reemplazo | Tipo de ítem Koha |
|---|---|---|---|---|---|---|---|---|---|---|---|---|---|---|---|
| Libros del s. XIX | Biblioteca del Ateneo de Madrid | Biblioteca del Ateneo de Madrid | Sala Valle Inclán | 17/01/2008 | D-1741 | 901165129 | 23/02/2023 | 23/02/2023 | Libro impreso antiguo |
